000 00861nam a22002417a 4500
999 _c7122
_d7122
003 AR-CdUCM
008 190319b ||||| |||| 00| 0 spa d
040 _aMUNICIPALIDAD PROVINCIAL DEL CUSCO
_cBIBLIOTECA MUNICIPAL DEL CUSCO
082 _a537 /
_bW28
100 _aWard, M. R.
_920069
245 _aElectricidad /
260 _aMéxico :
_c1971.
300 _a222 paginas ;
_c22 cm.
505 _aContenido :El circulo eléctrico -- Electromagnetismo -- Campos eléctricos -- Corrientes alternas -- Electrónica ...
650 _aConsumo de energía eléctrica
_920070
650 _aObras de divulgación
_99644
650 _aMedidas de seguridad
_920071
700 _aAbaunza de la Escosura, Antonio
_920072
700 _aCalvo Arjona, José B.
_920073
700 _aFrontana de la Cruz, Bernardo y otros
_920074
942 _2ddc
_cLIBROS
945 _arum